000 01150nam a22003017a 4500
001 BR2013001209
003 BR-BrBNA
005 20230928104132.0
007 ta
008 230509b bl.||||| |||| 00| 0 por d
040 _aBR-BrBNA
_bpor
_cBiblioteca Nacional de Agricultura
041 _a(Eng, Spa, Por)
072 _aL51
_b5400
_b5500
090 _ 5400 BR2013001209
100 1 _aCarciofi, A.C. (ed.)
110 1 _aColégio Brasileiro de Nutrição Animal, Campinas, SP (Brasil)
_91924
111 1 _a3. Congresso Internacional sobre Nutrição de Animais de Estimação; 10. Simpósio sobre Nutrição de Animais de Estimação
_cSão Paulo, SP (Brazil)
_d30-31 Mar 2011
245 1 _aAnais 3. Congresso internacional sobre nutrição de animais de estimação; 10. Simpósio sobre nutrição de animaisde estimação
260 3 _aCampinas, SP (Brasil):
_c2011.
300 _a152 p.
500 _aIncludes several bibliographies; Summary (Eng, Por); 32 illus.; 51 tables
650 _aNUTRIÇÃO ANIMAL
650 _aCÃO
650 _aGATO
650 _aANIMAL DOMÉSTICO
909 _a202309
_bLucia
_c55
_dLucia Elande
942 _cBK
999 _c78303
_d78303